El informante

Jeffrey Wigand, científico y directivo de la famosa tabacalera norteamericana Brown & Williamson, descubre el secreto que la industria del tabaco oculta celosamente: las sustancias que crean adicción en los fumadores. Lowell Bergman, un productor televisivo, arriesga su carrera al invitar a su p...

Descripción completa

Guardado en:
Autor Principal: Mann, Michael.
Autor Corporativo: Touchstone Pictures.
Otros Autores: Roth, Eric; Guion., Brenner, Marie; Artículo., Pacino, Al; Reparto., Crowe, Russell; Reparto.
Formato: Deslizar
Idioma:Undetermined
Publicado: Estados Unidos : Walt Disney Studios Motion Pictures, 1999.
Materias:
Etiquetas: Agregar Etiqueta
Sin Etiquetas, Sea el primero en etiquetar este registro!
LEADER 01391ngm a22002535a 4500
001 CEM.cems020548
008 231011s1999####xx#---############vlund#d
005 20231011192355.0
245 1 0 |a El informante  |h [videograbación] /  |c Michael Mann. 
260 |a Estados Unidos :  |b Walt Disney Studios Motion Pictures,  |c 1999. 
300 |a 157'. 
520 |a Jeffrey Wigand, científico y directivo de la famosa tabacalera norteamericana Brown & Williamson, descubre el secreto que la industria del tabaco oculta celosamente: las sustancias que crean adicción en los fumadores. Lowell Bergman, un productor televisivo, arriesga su carrera al invitar a su programa a Wigand, que ve cómo su vida se desmorona tras revelar la verdad a la opinión pública; pero nadie saldrá indemne de esta batalla contra las tabacaleras. 
590 |a Identificación anterior: 228 
538 |a Soporte: DVD -- Formato: AVI – Peso: 1.28gb -- Resolución: 512 x 240 -- 23.98 fps 
500 |a Título original: The Insider – Idioma: Inglés – Subtítulos: Español. 
100 1 |a Mann, Michael. 
700 1 |a Roth, Eric; Guion. 
700 1 |a Brenner, Marie; Artículo. 
700 1 |a Pacino, Al; Reparto. 
700 1 |a Crowe, Russell; Reparto. 
710 2 |a Touchstone Pictures. 
653 |a LARGOMETRAJE 
653 |a FICCIÓN 
859 |a CEMS  |b BIB. CEMS - Depto. Recursos Didacticos  |h 778.5  |i MAN-1  |k DRD  |p 3172.23  |t Ej.1